Saint Jean de la Croise et le probleme de l'experience mystique / (Record no. 30943)

MARC details
000 -LEADER
campo de control de longitud fija 00587nam a2200181 i 4500
001 - NÚMERO DE CONTROL
campo de control 30943
003 - IDENTIFICADOR DE NÚMERO DE CONTROL
campo de control ES-MaACL
007 - CAMPO FIJO DE DESCRIPCIÓN FÍSICA--INFORMACIÓN GENERAL
campo de control de longitud fija t|
008 - DATOS DE LONGITUD FIJA--INFORMACIÓN GENERAL
campo de control de longitud fija 030127s1924 fr ||||1| fre d
100 1# - ENTRADA PRINCIPAL--NOMBRE DE PERSONA
Nombre de persona Baruzi, Jean.
9 (RLIN) 26215
245 10 - MENCIÓN DEL TÍTULO
Título Saint Jean de la Croise et le probleme de l'experience mystique /
Mención de responsabilidad, etc. Jean Baruzi.
260 ## - PUBLICACIÓN, DISTRIBUCIÓN, ETC.
Lugar de publicación, distribución, etc. Evreux :
Nombre del editor, distribuidor, etc. [s.n.,
Fecha de publicación, distribución, etc. 1924] (
Fabricante Ch. Herissey)
300 ## - DESCRIPCIÓN FÍSICA
Extensión VII, 790 p. ;
Dimensiones 23 cm.
490 1# - MENCIÓN DE SERIE
Mención de serie Bibliothèque de philosophie contemporaine
830 0# - PUNTO DE ACCESO ADICIONAL DE SERIE-TÍTULO UNIFORME
Título uniforme Bibliothèque de philosophie contemporaine
9 (RLIN) 181027
852 ## - LOCALIZACIÓN
Ubicación ES-MaACL
Número de control de estantería B-6186
Sublocalización o colección R.4823
Holdings
Estatus retirado Estado de pérdida Estado de daño No para préstamo Biblioteca de origen Biblioteca actual Ubicación en estantería Fecha de adquisición Fuente de adquisición Total de préstamos Signatura topográfica completa Código de barras Visto por última vez Precio de reemplazo Tipo de ítem Koha
        Biblioteca del Ateneo de Madrid Biblioteca del Ateneo de Madrid Sala Pardo Bazán 17/01/2008     B-6186 1031967 23/02/2023 23/02/2023 Libro impreso